November hó 14-én dr. Varannai István „Állami mindenhatóság és magánjogi birói gyakorlat" címen tartott előadást...

Elmentve itt :
Bibliográfiai részletek
Szerző: Varannai István
Dokumentumtípus: Cikk
Megjelent: 1929
Sorozat:Polgári jog : a hazai és külföldi magánjog és hiteljog szemléje 5
Kulcsszavak:Igazságszolgáltatás bírói joggyakorlat
Online Access:http://misc.bibl.u-szeged.hu/5192
LEADER 00728nab a2200169 i 4500
001 misc5192
005 20191106142814.0
008 170607s1929 hu o 0|| hun d
040 |a SZTE Miscellanea Repozitórium  |b hun 
041 |a hun 
100 1 |a Varannai István 
245 1 0 |a November hó 14-én dr. Varannai István „Állami mindenhatóság és magánjogi birói gyakorlat" címen tartott előadást...  |h [elektronikus dokumentum] /  |c  Varannai István 
260 |c 1929 
300 |a 470-471a 
490 0 |a Polgári jog : a hazai és külföldi magánjog és hiteljog szemléje  |v 5 
695 |a Igazságszolgáltatás bírói joggyakorlat 
856 4 0 |u http://misc.bibl.u-szeged.hu/5192/1/polgari_jog_1929_470-471a.pdf  |z Dokumentum-elérés